Bands Featured in What's New Scooby-Doo - Statistics

General Stats
  • This quiz has been taken 30 times
  • The average score is 8 of 35
Answer Stats
Episode Song Band % Correct
Theme What's New Scooby-Doo? Theme Simple Plan
100%
S1 E5 I'd Do Anything Simple Plan
100%
S2 E9 You Don't Mean Anything Simple Plan
100%
S2 E6 Shout It Out Loud KISS
56%
S1 E9 Rockaway Beach Ramones
33%
S1 E12 I Don't Wanna Walk Around With You Ramones
33%
S2 E7 Now I Wanna Be a Good Boy Ramones
33%
S3 E6 Something's Going On A
22%
S3 E5 Ça plane pour moi Plastic Bertrand
22%
S3 E11 Hot Smash Mouth
22%
S3 E13 Fun Smash Mouth
22%
S2 E13 No Control Blackfire
11%
S3 E1 High 5 Calibretto 13
11%
S3 E5 Nonchalant Chapeaumelon
11%
S1 E2 Güe - Güe - Güepa Chicos de Barrio
11%
S3 E2 Haven't Been Me In a While CIV
11%
S3 E4 All Twisted CIV
11%
S3 E8 Something Special CIV
11%
S2 E 11 The Ghosts of Me and You Less Than Jake
11%
S2 E3 Punk Rock Y Subversion Los Miserables
11%
S2 E10 Sabre Dance Love Sculpture
11%
S2 E14 Sahara Mikro
11%
S2 E8 Doing Time MxPx
11%
S2 E12 Southbound MxPx
11%
S3 E14 Holiday Other Star People
11%
S2 E4 Another Way Paul van Dyk
11%
S1E3 Music of America Poster Children
11%
S2 E1 Urei Puffy AmiYumi
11%
S3 E12 Pressing On Relient K
11%
S3 E3 Walk on the Wire Sahara Hottnights
11%
S3 E9 Stronger Taxiride
11%
S2 E2 Time Running Tegan and Sara
11%
S1 E4 Man With the Hex The Atomic Fireballs
11%
S1 E14 Play My Game The Donnas
11%
S1 E7 Saying Goodbye The Muffs
11%
No matching quizzes found
Score Distribution
Percent of People with Each Score
Percentile by Number Answered
Your Score History
You have not taken this quiz